Los recursos en el derecho procesal penal : (Registro nro. 19872)

Detalles MARC
000 -LEADER
fixed length control field 01265nam a2200301 4500
001 - CONTROL NUMBER
control field 0000017699
003 - CONTROL NUMBER IDENTIFIER
control field CO-CtgCURN
005 - DATE AND TIME OF LATEST TRANSACTION
control field 20250513164406.0
008 - FIXED-LENGTH DATA ELEMENTS--GENERAL INFORMATION
fixed length control field 160627s1997 000 0 eng d
020 ## - INTERNATIONAL STANDARD BOOK NUMBER
International Standard Book Number 958690119X
040 ## - CATALOGING SOURCE
Original cataloging agency CO-CtgCURN
Language of cataloging spa
Transcribing agency coctgcurn
082 0# - DEWEY DECIMAL CLASSIFICATION NUMBER
Classification number 345.05
Item number F43r
100 1# - MAIN ENTRY--PERSONAL NAME
Personal name Fierro Mendez, Heliodoro.
245 14 - TITLE STATEMENT
Title Los recursos en el derecho procesal penal :
Remainder of title recursos ordinarios y extraordinarios, reposicion, apelacion, hecho, casacion y Acción de revision /
Statement of responsibility, etc. Heliodoro Fierro Mendez.
260 ## - PUBLICATION, DISTRIBUTION, ETC.
Place of publication, distribution, etc. Bogotá :
Name of publisher, distributor, etc. Grupo Editorial Leyer,
Date of publication, distribution, etc. 1997.
300 ## - PHYSICAL DESCRIPTION
Extent 332 p.
336 ## - CONTENT TYPE
Source rdacontent
337 ## - MEDIA TYPE
Source rdamedia
Media type term sin mediacion
Media type code n
338 ## - CARRIER TYPE
Source rdacarrier
Carrier type term volumen
Carrier type code nc
505 8# - FORMATTED CONTENTS NOTE
Formatted contents note Formas procesales en el derecho romano.--Conceptos operacionales.--Los recurso.--Terminos procesales.--Los recursos.--Recurso de apelacion.--Recurso de hecho.--La Acción de revision.--Recurso de casacion
650 #0 - SUBJECT ADDED ENTRY--TOPICAL TERM
Topical term or geographic name entry element Recurso de casacion.
650 #0 - SUBJECT ADDED ENTRY--TOPICAL TERM
Topical term or geographic name entry element Procedimiento penal
Geographic subdivision Colombia.
650 #0 - SUBJECT ADDED ENTRY--TOPICAL TERM
Topical term or geographic name entry element Acción civil
Geographic subdivision Colombia.
908 ## - PUT COMMAND PARAMETER (RLIN)
Put command parameter 160627
942 ## - ADDED ENTRY ELEMENTS (KOHA)
Koha item type Libros
Classification part 345.05
Item part F43r
Source of classification or shelving scheme Dewey Decimal Classification
Suppress in OPAC No
Existencias
Withdrawn status Lost status Source of classification or shelving scheme Damaged status Not for loan Collection Home library Current library Shelving location Date acquired Inventory number Total checkouts Full call number Barcode Date last seen Copy number Price effective from Koha item type Public note
    Dewey Decimal Classification     General Miguel Henríquez Castañeda Miguel Henríquez Castañeda General 03/04/2019 004792   345.05 F43r 004792 03/04/2019 ej.1 03/04/2019 Libros 340-DEREC
    Dewey Decimal Classification       Miguel Henríquez Castañeda Miguel Henríquez Castañeda General 03/04/2019 004793   345.05 F43r 004793 03/04/2019 ej.2 03/04/2019 Libros 340-DEREC